ổn định và động lực học công trình

Đã lưu trong:
Bibliografiske detaljer
Hovedforfatter: Nguyễn Xuân Ngọc
Format: Bog
Sprog:Undetermined
Udgivet: Hà Nội Xây dựng 1997
Fag:
Tags: Tilføj Tag
Ingen Tags, Vær først til at tagge denne postø!
Thư viện lưu trữ: Trung tâm Học liệu Trường Đại học Cần Thơ
LEADER 00618nam a2200193Ia 4500
001 CTU_21907
008 210402s9999 xx 000 0 und d
020 |b 10.600đ 
082 |a 624.171 
082 |b Ng419 
100 |a Nguyễn Xuân Ngọc 
245 0 |a ổn định và động lực học công trình 
245 0 |c Nguyễn Xuân Ngọc, Nguyễn Tài Trung 
260 |a Hà Nội 
260 |b Xây dựng 
260 |c 1997 
650 |a foundation,structural engineering 
904 |i Nguyễn Quang Điền, 980219 
980 |a Trung tâm Học liệu Trường Đại học Cần Thơ